000 00372nam a2200157Ia 4500
008 221030s9999 xx 000 0 und d
020 _a0074516000
041 _aEnglish
082 _a105.23
_bDes
100 _aM. V. Deshpande
245 0 _aSwitchgear & Protection
_cby M. V. Deshpande
260 _bTMH
_aNew Delhi
_c1999
300 _a247
650 _aEE
942 _cBK
999 _c2585
_d2585